Operatornyje idealy

Gespeichert in:
Bibliographische Detailangaben
1. Verfasser: Pietsch, Albrecht
Format: Buch
Sprache:Russisch
Veröffentlicht: Moskva Mir 1982
Tags: Tag hinzufügen
Keine Tags, Fügen Sie das erste Tag hinzu!

MARC

LEADER 00000nam a2200000 4500
001 c115300
005 20230120081029.3
041 0 |a rus 
044 |a RU 
245 1 0 |a Operatornyje idealy  |c Albrecht Pietsch 
264 1 |a Moskva  |b Mir  |c 1982 
300 |a 536 s. 
100 1 |a Pietsch, Albrecht